000 00227nam a22000857a 4500
008 160823b xxu||||| |||| 00| 0 eng d
100 _9221
_aGupta A
245 _aIllustrated World Quiz Book
260 _aNew Delhi
_bMaanu Graphics
_c2012
999 _c2878
_d2878